00705nam a2200181 a 450000100100000000500170001000800410002702000150006804000250008310000260010824501260013426000400026030000280030049000330032883000400036195201050040199900170050600004394020201002045045.0140509s1975 sp a 000 0 spa d a8433402153 aDO-SdBNPbspacBNPHU1 aMoya, Gonzalo.97187410aDon Pedro el Cruel :bbiología, política y tradición literaria en la figura de Pedro I de Castilla /cGonzalo Moya. aMadrid :bEdiciones Júcar,c1975. a355 p. :bil. ;c21 cm.1 aLa Vela latinav33aHistoria 0aLa Vela latinapHistoriav33953413 001050718MOaGRbGRcCTd2014-05-09iLF1l0o p43940-10r2020-06-25w2020-06-25y1ZNo se presta c43429d43429